00370 a2200133 4500020001800000050002000018100003100038245006600069264002500135300002300160500001900183650001600202700001800218 a9780797441873 aQA 135 KUF 2010 aKufakowadya, M.B. eauthor aMathematics today :bO'levelcM.B. Kufakowadya & A. Nyamakura aHarare :bZPH c2010 avii, 305p. :bill. aIncludes index aMathematics aNyamakura, A.